[Event "Arad op 7th"]
[Site "Arad"]
[Date "2014.08.10"]
[Round "9"]
[White "Vasiesiu, Dan"]
[Black "Costachi, Mihnea"]
[Result "0-1"]
[WhiteElo "2406"]
[BlackElo "2293"]
[PlyCount "92"]
[EventDate "2014.08.04"]
[EventType "swiss"]
[EventRounds "9"]
[EventCountry "ROU"]
[SourceTitle "CBM 161 Extra"]
[Source "ChessBase"]
[SourceDate "2014.08.29"]
[SourceVersion "1"]
[SourceVersionDate "2014.08.29"]
[SourceQuality "1"]

1. e4 e5 2. Nf3 Nc6 3. Bb5 a6 4. Ba4 Nf6 5. 0-0 Be7 6. Re1 b5 7. Bb3 d6 8. c3 0-0 9. d3 Na5 10. Bc2 c5 11. Nbd2 Nc6 12. Nf1 Re8 13. h3 Qc7 14. Ne3 Be6 15. Ng5 Rad8 16. a4 Bf8 17. axb5 axb5 18. Nxe6 fxe6 19. Ng4 d5 20. Bg5 Be7 21. Bxf6 Bxf6 22. Qf3 Rf8 23. Ra6 Bh4 24. Qe2 h5 25. g3 Bxg3 26. fxg3 hxg4 27. Qxg4 Qf7 28. Qe2 Qb7 29. Raa1 Rf6 30. Qg2 c4 31. Rf1 Rxf1+ 32. Rxf1 d4 33. Qe2 b4 34. Qg4 Qe7 35. Ba4 dxc3 36. Bxc6 Qc5+ 37. Kh1 Qxc6 38. Qf3 Qb7 39. dxc4 cxb2 40. c5 Rc8 41. Kh2 Qa7 42. Qb3 Qxc5 43. Qxe6+ Kh8 44. h4 Rf8 45. Rf5 Rxf5 46. exf5 b1Q 0-1

[Event "Arad op 7th"]
[Site "Arad"]
[Date "2014.08.04"]
[Round "1"]
[White "Vasiesiu, Dan"]
[Black "Anton, Roxana Ana"]
[Result "1-0"]
[WhiteElo "2406"]
[BlackElo "1830"]
[PlyCount "47"]
[EventDate "2014.08.04"]
[EventType "swiss"]
[EventRounds "9"]
[EventCountry "ROU"]
[SourceTitle "CBM 161 Extra"]
[Source "ChessBase"]
[SourceDate "2014.08.29"]
[SourceVersion "1"]
[SourceVersionDate "2014.08.29"]
[SourceQuality "1"]

1. e4 e6 2. d4 d5 3. Nc3 Nf6 4. Bg5 Bb4 5. e5 h6 6. Bh4 g5 7. Bg3 Ne4 8. Nge2 Nc6 9. a3 Nxc3 10. Nxc3 Be7 11. Be2 b6 12. 0-0 Bb7 13. Kh1 Qd7 14. f4 0-0-0 15. f5 Rdg8 16. f6 Bf8 17. b4 a5 18. Bb5 axb4 19. axb4 Bxb4 20. Qd3 Ba5 21. Rxa5 bxa5 22. Na4 Qd8 23. Bxc6 Bxc6 24. Nc5 1-0

[Event "Cap Aurora op"]
[Site "Cap Aurora"]
[Date "2014.06.28"]
[Round "9"]
[White "Vasiesiu, Dan"]
[Black "Manolache, Marius"]
[Result "1/2-1/2"]
[WhiteElo "2395"]
[BlackElo "2480"]
[PlyCount "77"]
[EventDate "2014.06.21"]
[EventType "swiss"]
[EventRounds "9"]
[EventCountry "ROU"]
[SourceTitle "CBM 161 Extra"]
[Source "ChessBase"]
[SourceDate "2014.08.29"]
[SourceVersion "1"]
[SourceVersionDate "2014.08.29"]
[SourceQuality "1"]

1. e4 c5 2. Nf3 e6 3. d4 cxd4 4. Nxd4 a6 5. Bd3 Nf6 6. 0-0 Qc7 7. Qe2 d6 8. c4 Be7 9. Nc3 0-0 10. f4 Nbd7 11. Kh1 b6 12. Bd2 Bb7 13. Rae1 Rad8 14. b4 g6 15. f5 exf5 16. exf5 Ne5 17. fxg6 hxg6 18. Nf5 gxf5 19. Rxf5 Rfe8 20. Rg5+ Kh8 21. Rf1 Ng6 22. Qf2 Rg8 23. Be3 Rg7 24. Bxb6 Qb8 25. Bd4 Ne5 26. Rxg7 Kxg7 27. Qg3+ Kf8 28. Qh4 Ng8 29. Qh8 f6 30. Be4 Bxe4 31. Nxe4 Nf7 32. Qh5 Qxb4 33. Qd5 Rc8 34. Rc1 Qa3 35. Rd1 Qxa2 36. Rc1 Qa3 37. Ra1 Qb3 38. Rc1 Qa3 39. Ra1 1/2-1/2

[Event "Cap Aurora op"]
[Site "Cap Aurora"]
[Date "2014.06.27"]
[Round "8"]
[White "Vasiesiu, Dan"]
[Black "David, Alexandru Vasile"]
[Result "1-0"]
[WhiteElo "2395"]
[BlackElo "2194"]
[PlyCount "79"]
[EventDate "2014.06.21"]
[EventType "swiss"]
[EventRounds "9"]
[EventCountry "ROU"]
[SourceTitle "CBM 161 Extra"]
[Source "ChessBase"]
[SourceDate "2014.08.29"]
[SourceVersion "1"]
[SourceVersionDate "2014.08.29"]
[SourceQuality "1"]

1. e4 c6 2. Nc3 d5 3. Nf3 Nf6 4. e5 Ne4 5. d4 Bg4 6. h3 Nxc3 7. bxc3 Bxf3 8. Qxf3 e6 9. h4 c5 10. Rb1 Qc7 11. Bb5+ Nc6 12. 0-0 a6 13. Bxc6+ Qxc6 14. c4 dxc4 15. Rxb7 Qxf3 16. gxf3 0-0-0 17. Ra7 cxd4 18. Rxa6 Rd7 19. Ra4 g5 20. hxg5 Bg7 21. f4 h6 22. Rxc4+ Rc7 23. Rxc7+ Kxc7 24. gxh6 Bxh6 25. Rd1 Rb8 26. Ba3 Ra8 27. Bd6+ Kc6 28. Rxd4 Rxa2 29. c3 Ra8 30. Kg2 Bf8 31. Kf3 Bg7 32. Ke4 f6 33. Be7 fxe5 34. fxe5 Ra1 35. Rd6+ Kc7 36. Bd8+ Kc8 37. Bf6 Re1+ 38. Kf3 Bxf6 39. exf6 Re5 40. Rd4 1-0

[Event "Cap Aurora op"]
[Site "Cap Aurora"]
[Date "2014.06.26"]
[Round "6"]
[White "Vasiesiu, Dan"]
[Black "Georgescu, Tiberiu Marian"]
[Result "1-0"]
[WhiteElo "2395"]
[BlackElo "2493"]
[PlyCount "87"]
[EventDate "2014.06.21"]
[EventType "swiss"]
[EventRounds "9"]
[EventCountry "ROU"]
[SourceTitle "CBM 161 Extra"]
[Source "ChessBase"]
[SourceDate "2014.08.29"]
[SourceVersion "1"]
[SourceVersionDate "2014.08.29"]
[SourceQuality "1"]

1. e4 e5 2. f4 exf4 3. Bc4 Ne7 4. Nc3 d5 5. exd5 Ng6 6. Nf3 Bd6 7. 0-0 0-0 8. d4 Bf5 9. Bd3 Qf6 10. Ne4 Bxe4 11. Bxe4 Re8 12. Qd3 c5 13. dxc6 Nxc6 14. c3 Rad8 15. Bd2 Qe7 16. Rae1 Qc7 17. Qb5 Nf8 18. Bc2 Re7 19. Rxe7 Nxe7 20. Bb3 a6 21. Qh5 g6 22. Qh3 Rd7 23. Ng5 Nf5 24. Ne4 Re7 25. Nxd6 Qxd6 26. Bxf4 Qc6 27. Qf3 Qxf3 28. Rxf3 Re1+ 29. Rf1 Re2 30. g4 Ng7 31. Rf2 Re1+ 32. Kg2 Nge6 33. Bd6 h5 34. gxh5 gxh5 35. Bg3 Rb1 36. d5 Nc5 37. Bc2 Ra1 38. b4 Ncd7 39. c4 Kg7 40. Bb3 f6 41. Re2 Ng6 42. c5 Nde5 43. d6 Nc6 44. d7 1-0

[Event "Cap Aurora op"]
[Site "Cap Aurora"]
[Date "2014.06.23"]
[Round "3"]
[White "Daianu, Cristian Clement"]
[Black "Vasiesiu, Dan"]
[Result "1/2-1/2"]
[WhiteElo "2195"]
[BlackElo "2395"]
[PlyCount "62"]
[EventDate "2014.06.21"]
[EventType "swiss"]
[EventRounds "9"]
[EventCountry "ROU"]
[SourceTitle "CBM 161 Extra"]
[Source "ChessBase"]
[SourceDate "2014.08.29"]
[SourceVersion "1"]
[SourceVersionDate "2014.08.29"]
[SourceQuality "1"]

1. e4 g6 2. d4 Bg7 3. Nc3 d6 4. Be3 a6 5. f4 b5 6. Bd3 Bb7 7. Nf3 Nd7 8. a4 b4 9. Ne2 Ngf6 10. Ng3 e6 11. 0-0 c5 12. f5 cxd4 13. Nxd4 e5 14. Nb3 0-0 15. a5 Qc7 16. Ra4 d5 17. Rxb4 dxe4 18. Bxe4 Bxe4 19. Nxe4 Nxe4 20. Rxe4 Rac8 21. c3 Rb8 22. Rb4 Rxb4 23. cxb4 Qc6 24. Nc5 Nf6 25. Qe2 Ra8 26. Rd1 gxf5 27. Nxa6 f4 28. Bc5 Qc8 29. Be7 Qb7 30. Bxf6 Bxf6 31. b5 Rc8 1/2-1/2

[Event "Cap Aurora op"]
[Site "Cap Aurora"]
[Date "2014.06.21"]
[Round "1"]
[White "Pantazi, Adrian"]
[Black "Vasiesiu, Dan"]
[Result "0-1"]
[WhiteElo "1890"]
[BlackElo "2395"]
[PlyCount "74"]
[EventDate "2014.06.21"]
[EventType "swiss"]
[EventRounds "9"]
[EventCountry "ROU"]
[SourceTitle "CBM 161 Extra"]
[Source "ChessBase"]
[SourceDate "2014.08.29"]
[SourceVersion "1"]
[SourceVersionDate "2014.08.29"]
[SourceQuality "1"]

1. e4 e6 2. d4 d5 3. exd5 exd5 4. Bd3 Nc6 5. c3 Bd6 6. Nf3 Nge7 7. Bg5 Bg4 8. Nbd2 Qd7 9. 0-0 0-0-0 10. Qa4 f6 11. Bh4 Kb8 12. Bg3 h5 13. Bxd6 cxd6 14. Qc2 Rc8 15. Qb1 g5 16. b4 h4 17. b5 Na5 18. Qb4 Nc4 19. Rfe1 Bxf3 20. Bxc4 dxc4 21. Nxf3 Nd5 22. Qa3 g4 23. Nd2 f5 24. Nf1 f4 25. Nd2 f3 26. Ne4 Rcd8 27. Qc1 Rdg8 28. a4 fxg2 29. b6 g3 30. bxa7+ Kxa7 31. fxg3 hxg3 32. Ng5 gxh2+ 33. Kxg2 h1Q+ 34. Rxh1 Qg4+ 35. Kf2 Rf8+ 36. Ke1 Rxh1+ 37. Kd2 Rf2# 0-1

[Event "ROM-ch"]
[Site "Targu Mures"]
[Date "2014.05.04"]
[Round "11"]
[White "Vasiesiu, Dan"]
[Black "Daianu, Cristian Clement"]
[Result "0-1"]
[WhiteElo "2410"]
[BlackElo "2203"]
[PlyCount "104"]
[EventDate "2014.04.26"]
[EventType "swiss"]
[EventRounds "11"]
[EventCountry "ROU"]
[SourceTitle "CBM 160 Extra"]
[Source "ChessBase"]
[SourceDate "2014.07.01"]
[SourceVersion "1"]
[SourceVersionDate "2014.07.01"]
[SourceQuality "1"]

1. e4 c5 2. Nf3 d6 3. d4 cxd4 4. Nxd4 Nf6 5. Nc3 a6 6. f3 e6 7. Be3 b5 8. Qd2 b4 9. Na4 Nbd7 10. c4 bxc3 11. Nxc3 Bb7 12. Be2 Be7 13. 0-0 0-0 14. Rfc1 Qb8 15. Rab1 Rc8 16. b4 d5 17. exd5 Nxd5 18. Nxd5 Bxd5 19. Rxc8+ Qxc8 20. Nb3 Qf8 21. Na5 Ne5 22. a3 Nc6 23. Nc4 Rd8 24. Qc2 Bf6 25. Rd1 e5 26. Nb6 Nd4 27. Bxd4 exd4 28. Nxd5 Rxd5 29. Bxa6 g6 30. Re1 Qd6 31. Bd3 Bg5 32. Re8+ Kg7 33. g3 Qf6 34. Kg2 Rd6 35. f4 Rc6 36. Qe2 Bh6 37. Qe4 Rc3 38. a4 Rb3 39. Rc8 Rc3 40. Rxc3 dxc3 41. a5 Kg8 42. b5 Bf8 43. b6 Qd8 44. b7 Bd6 45. Qc6 Bc7 46. Be4 Qd2+ 47. Kh3 Qe2 48. Bf3 Qf1+ 49. Kg4 f5+ 50. Kg5 Bd8+ 51. Qf6 Bxf6+ 52. Kxf6 Qa6+ 0-1

[Event "ROM-ch"]
[Site "Targu Mures"]
[Date "2014.05.03"]
[Round "10"]
[White "Dobre, Claudiu Cristian"]
[Black "Vasiesiu, Dan"]
[Result "1-0"]
[WhiteElo "2360"]
[BlackElo "2410"]
[PlyCount "97"]
[EventDate "2014.04.26"]
[EventType "swiss"]
[EventRounds "11"]
[EventCountry "ROU"]
[SourceTitle "CBM 160 Extra"]
[Source "ChessBase"]
[SourceDate "2014.07.01"]
[SourceVersion "1"]
[SourceVersionDate "2014.07.01"]
[SourceQuality "1"]

1. d4 Nf6 2. Nf3 g6 3. c4 Bg7 4. Nc3 0-0 5. e4 d6 6. Be2 Na6 7. 0-0 e5 8. d5 Nc5 9. Qc2 a5 10. Bg5 h6 11. Bh4 g5 12. Bg3 Nh5 13. Ne1 g4 14. Nd3 Na6 15. Nd1 Qg5 16. Ne3 Nxg3 17. hxg3 h5 18. a3 Qg6 19. Nc1 Nc5 20. Bd3 a4 21. b4 axb3 22. Nxb3 Qg5 23. Nxc5 dxc5 24. Ra2 Ra6 25. Rb1 h4 26. gxh4 Qxh4 27. g3 Qh5 28. Nf5 Bf6 29. Bf1 Re8 30. Bg2 Bg5 31. Qd3 Rf6 32. a4 Qh7 33. Re2 b6 34. Ra1 Bd7 35. Ree1 Ra8 36. Qc3 Bxf5 37. Qxe5 Qg6 38. exf5 Rxf5 39. Qxc7 Bd2 40. Re2 Qf6 41. Rd1 Bc3 42. d6 Bd4 43. Rxd4 Qxd4 44. Bxa8 Qa1+ 45. Kg2 Rh5 46. Qc8+ Kh7 47. Be4+ Kh6 48. Qf8+ Kg5 49. Re1 1-0

[Event "ROM-ch"]
[Site "Targu Mures"]
[Date "2014.05.02"]
[Round "9"]
[White "Vasiesiu, Dan"]
[Black "Dragomirescu, Robin Alexandru"]
[Result "1/2-1/2"]
[WhiteElo "2410"]
[BlackElo "2343"]
[PlyCount "99"]
[EventDate "2014.04.26"]
[EventType "swiss"]
[EventRounds "11"]
[EventCountry "ROU"]
[SourceTitle "CBM 160 Extra"]
[Source "ChessBase"]
[SourceDate "2014.07.01"]
[SourceVersion "1"]
[SourceVersionDate "2014.07.01"]
[SourceQuality "1"]

1. e4 e5 2. Nf3 Nc6 3. Bc4 Bc5 4. c3 Nf6 5. d3 a6 6. Bb3 Ba7 7. h3 0-0 8. Bg5 h6 9. Bh4 g5 10. Bg3 d6 11. Nbd2 Nh5 12. Nh2 Nxg3 13. fxg3 Na5 14. Bc2 f5 15. Qh5 Kg7 16. 0-0-0 Be6 17. Rdf1 fxe4 18. Ng4 Bxg4 19. Qxg4 e3 20. Nf3 Qc8 21. Qe4 Qf5 22. Qd5 e4 23. Qxf5 Rxf5 24. dxe4 Rff8 25. Bd3 Nc6 26. Kd1 Ne5 27. Ke2 Nxf3 28. gxf3 Kf6 29. h4 Rae8 30. hxg5+ hxg5 31. Rh7 Rf7 32. Rh6+ Ke7 33. Bc4 Rg7 34. Be6 Kd8 35. Bg4 a5 36. a4 Bc5 37. Rfh1 c6 38. Rf6 Kc7 39. Rh5 b5 40. axb5 Rb8 41. b4 axb4 42. cxb4 Bd4 43. Rf5 Rxb5 44. Rxb5 cxb5 45. Kd3 Be5 46. Rh3 Kb6 47. Kxe3 Rc7 48. Rh5 Rc3+ 49. Ke2 Rb3 50. Rxg5 1/2-1/2